000 00471nam a2200205Ia 4500
003 0100
008 130303s9999 xx 000 0 und d
020 _a0949932469
040 _cARRUPELIB
050 _aPR9381.9.N4D4 1983
100 _aNg¹g¯ wa Thiong'o
245 _aDevil on the cross
260 _aHarare
260 _bZimbabwe Publishing House
260 _C1983
300 _a254p.
300 _b 18cm.
440 _aZPH Writers Series
942 0 0 _02
999 _c24999
_d24999